[Event "CRO-chT2 West"]
[Site "Rijeka"]
[Date "2020.10.11"]
[Round "6.2"]
[White "Bulic, Domagoj"]
[Black "Muhvic, Damir"]
[Result "1-0"]
[WhiteElo "2149"]
[BlackElo "2208"]
[PlyCount "71"]
[EventDate "2020.09.12"]
[EventType "team-tourn"]
[EventRounds "9"]
[EventCountry "CRO"]
[SourceTitle "EXT 2022"]
[Source "ChessBase"]
[SourceDate "2021.10.06"]
[SourceVersion "1"]
[SourceVersionDate "2021.10.06"]
[SourceQuality "1"]
[WhiteTeam "Buje"]
[BlackTeam "Karlobag"]
[WhiteTeamCountry "CRO"]
[BlackTeamCountry "CRO"]

1. c4 c6 2. Nc3 d5 3. d4 Nf6 4. e3 e6 5. Bd3 Nbd7 6. f4 Bb4 7. Qc2 0-0 8. Nf3 c5 9. 0-0 cxd4 10. Nxd4 Nc5 11. Nce2 Nxd3 12. Qxd3 Bc5 13. b3 b6 14. b4 Bd6 15. cxd5 Nxd5 16. a3 Bb7 17. Bb2 Rc8 18. Rad1 Be7 19. Qb3 Qc7 20. e4 Nf6 21. e5 Nd5 22. Qg3 g6 23. f5 exf5 24. Rc1 Qd7 25. Nxf5 f6 26. Nf4 Nxf4 27. Nh6+ Kg7 28. Qxf4 g5 29. Nf5+ Kg6 30. Qg4 Rcd8 31. Nxe7+ Qxe7 32. Qf5+ Kh6 33. Rc3 Kg7 34. exf6+ Rxf6 35. Qxf6+ Qxf6 36. Rc7+ 1-0

[Event "CRO-chT2 West"]
[Site "Croatia"]
[Date "2013.03.16"]
[Round "1.42"]
[White "Juranic, Bruno"]
[Black "Muhvic, Damir"]
[Result "1-0"]
[WhiteElo "2166"]
[BlackElo "2243"]
[PlyCount "113"]
[EventDate "2013.03.16"]
[EventType "team-tourn"]
[EventRounds "9"]
[EventCountry "CRO"]
[SourceTitle "EXT 2019"]
[Source "ChessBase"]
[SourceDate "2018.10.10"]
[SourceVersion "1"]
[SourceVersionDate "2018.10.10"]
[SourceQuality "1"]
[WhiteTeam "Ravna Gora Goranka"]
[BlackTeam "Rijeka CC II"]
[WhiteTeamCountry "CRO"]
[BlackTeamCountry "CRO"]

1. e4 d5 2. exd5 Qxd5 3. Nc3 Qd6 4. d4 Nf6 5. Bd3 Bg4 6. f3 Bh5 7. Nge2 Bg6 8. Bf4 Qd8 9. g4 c6 10. h4 e6 11. h5 Bxd3 12. Qxd3 h6 13. 0-0-0 Na6 14. a3 Nc7 15. Ne4 Ncd5 16. Be5 b5 17. c4 bxc4 18. Qxc4 Rc8 19. Rd3 Be7 20. Nc5 0-0 21. Nb7 Qd7 22. Nc5 Qe8 23. Ng3 Nd7 24. Nge4 Nxe5 25. dxe5 Qd8 26. Nb7 Qc7 27. Nbd6 Rb8 28. Qc2 Rfd8 29. g5 hxg5 30. h6 Rxd6 31. exd6 Bxd6 32. hxg7 Bf4+ 33. Kb1 Kxg7 34. Qg2 Qe5 35. b3 Kf8 36. Qb2 Qxb2+ 37. Kxb2 Kg7 38. Rg1 Kg6 39. Rg2 Rb6 40. Ka2 Ra6 41. Rd4 Kf5 42. Rc2 Be5 43. Ra4 Rb6 44. Rxa7 f6 45. Ra4 Kg6 46. Rac4 f5 47. Nf2 Ne7 48. a4 Bd6 49. Nd3 Kf6 50. a5 Ra6 51. b4 e5 52. Nc5 Ra7 53. Kb3 Nd5 54. Rh2 Kg6 55. Rh8 g4 56. fxg4 f4 57. Ne4 1-0

[Event "Rijeka Paris Memorial op"]
[Site "Rijeka"]
[Date "2010.12.14"]
[Round "5"]
[White "Zrilic, Bozo"]
[Black "Muhvic, Damir"]
[Result "0-1"]
[WhiteElo "1980"]
[BlackElo "2227"]
[PlyCount "96"]
[EventDate "2010.12.10"]
[EventType "swiss"]
[EventRounds "9"]
[EventCountry "CRO"]
[SourceTitle "CBM 140 Extra"]
[Source "ChessBase"]
[SourceDate "2011.03.01"]
[SourceVersion "1"]
[SourceVersionDate "2011.03.01"]
[SourceQuality "1"]

1. d4 d5 2. Nf3 Nf6 3. e3 c5 4. c3 Qb6 5. Bd3 Nc6 6. Nbd2 Bg4 7. a4 e6 8. h3 Bh5 9. 0-0 Be7 10. a5 Qc7 11. dxc5 Bxc5 12. b4 Be7 13. Qa4 a6 14. b5 axb5 15. Bxb5 Rc8 16. Nd4 0-0 17. Bxc6 bxc6 18. Ba3 Bxa3 19. Rxa3 e5 20. Nf5 Be2 21. Rfa1 g6 22. Ng3 Ba6 23. h4 h5 24. Nf3 Rb8 25. R3a2 Rfc8 26. e4 Ng4 27. Ng5 Qe7 28. Nf3 Rb5 29. Re1 Qc7 30. Nd2 Rcb8 31. Qa3 Qa7 32. Rf1 R5b7 33. c4 dxc4 34. Qc3 Qd4 35. Rc2 Rb2 36. Nf3 Qxc3 37. Rxc3 R8b3 38. Rfc1 Rxc3 39. Rxc3 f6 40. Nf1 Nxf2 41. N3d2 Ng4 42. g3 Rb4 43. Kg2 Ra4 44. Kf3 Kf7 45. Ne3 Nxe3 46. Kxe3 Ke7 47. Kf3 Kd6 48. g4 Kc5 0-1

[Event "Rijeka Paris Memorial op"]
[Site "Rijeka"]
[Date "2010.12.13"]
[Round "4"]
[White "Muhvic, Damir"]
[Black "Beljan, Mladen"]
[Result "1-0"]
[WhiteElo "2227"]
[BlackElo "1855"]
[PlyCount "77"]
[EventDate "2010.12.10"]
[EventType "swiss"]
[EventRounds "9"]
[EventCountry "CRO"]
[SourceTitle "CBM 140 Extra"]
[Source "ChessBase"]
[SourceDate "2011.03.01"]
[SourceVersion "1"]
[SourceVersionDate "2011.03.01"]
[SourceQuality "1"]

1. d4 d5 2. c4 e6 3. Nc3 Nf6 4. Bg5 Be7 5. Nf3 0-0 6. e3 h6 7. Bh4 b6 8. Rc1 dxc4 9. Bxc4 Nd5 10. Bxd5 exd5 11. Bxe7 Qxe7 12. Nxd5 Qd6 13. Nxc7 Bb7 14. Nxa8 Bxa8 15. 0-0 Nd7 16. Qe2 Nf6 17. Ne5 Qd5 18. f3 Nd7 19. Nxd7 Qxd7 20. Rfd1 Bd5 21. b3 f5 22. e4 fxe4 23. fxe4 Re8 24. e5 Re6 25. Rc3 Rg6 26. Rg3 Rc6 27. h3 a5 28. Qb5 Qe6 29. Qe2 Qd7 30. Kh2 Qc8 31. Qg4 Qc7 32. Rd2 b5 33. Re2 a4 34. bxa4 bxa4 35. e6 Qe7 36. Rge3 Rc1 37. Qf4 g5 38. Qe5 Bb7 39. Rf2 1-0

[Event "Rijeka Paris Memorial op"]
[Site "Rijeka"]
[Date "2010.12.10"]
[Round "1"]
[White "Tica, Sven"]
[Black "Muhvic, Damir"]
[Result "0-1"]
[WhiteElo "1577"]
[BlackElo "2227"]
[PlyCount "134"]
[EventDate "2010.12.10"]
[EventType "swiss"]
[EventRounds "9"]
[EventCountry "CRO"]
[SourceTitle "CBM 140 Extra"]
[Source "ChessBase"]
[SourceDate "2011.03.01"]
[SourceVersion "1"]
[SourceVersionDate "2011.03.01"]
[SourceQuality "1"]

1. c4 e5 2. g3 Nf6 3. Bg2 d5 4. cxd5 Nxd5 5. d3 Be7 6. Nf3 Nc6 7. 0-0 Nb6 8. Nc3 0-0 9. Be3 Re8 10. Rc1 Bf8 11. d4 exd4 12. Nxd4 Nxd4 13. Bxd4 c6 14. Be3 Nc4 15. Qxd8 Rxd8 16. Nd1 Nxe3 17. Nxe3 Be6 18. a3 Rd2 19. Rc2 Rxc2 20. Nxc2 Rd8 21. Be4 Bc4 22. Re1 Rd2 23. Kf1 g6 24. b4 f5 25. Ne3 Bb5 26. Bc2 a5 27. a4 Ba6 28. Bb3+ Kg7 29. bxa5 Bb4 30. Nc4 Bxc4 31. Bxc4 Bxa5 32. Rb1 b6 33. Bd3 Kf6 34. Rc1 c5 35. Bb5 Ke5 36. f4+ Kd4 37. Kf2 Rb2 38. Ba6 Bd2 39. Rd1 c4 40. e3+ Kc5 41. h4 c3 42. Ke2 c2 43. Kxd2 cxd1Q+ 44. Kxd1 Rg2 45. Ke1 Rxg3 46. Kf2 Rh3 47. Bf1 Rxh4 48. Kg2 Rg4+ 49. Kh2 Kb4 50. Bb5 Rh4+ 51. Kg2 h6 52. Bc6 g5 53. Kg3 Rg4+ 54. Kf3 gxf4 55. exf4 Rg6 56. Bd7 Rf6 57. Be8 Kc3 58. Bb5 Kd4 59. Be8 Kd5 60. Kg3 Ke4 61. Bh5 Rf8 62. Bf3+ Ke3 63. Bd5 Rd8 64. Be6 Ke4 65. Bc4 Rc8 66. Ba6 Rc3+ 67. Kh4 Kxf4 0-1

[Event "CRO-chT2 West"]
[Site "Croatia"]
[Date "2010.10.24"]
[Round "8.44"]
[White "Muslija, Idris"]
[Black "Muhvic, Damir"]
[Result "0-1"]
[WhiteElo "2211"]
[BlackElo "2227"]
[PlyCount "92"]
[EventDate "2010.03.27"]
[EventType "team-tourn"]
[EventRounds "9"]
[EventCountry "CRO"]
[SourceTitle "EXT 2012"]
[Source "ChessBase"]
[SourceDate "2011.11.24"]
[SourceVersion "1"]
[SourceVersionDate "2011.11.24"]
[SourceQuality "1"]

1. e4 d5 2. exd5 Qxd5 3. Nc3 Qd6 4. d4 c6 5. Bc4 Nf6 6. Nge2 Bf5 7. Bf4 Qb4 8. Bb3 e6 9. 0-0 Qa5 10. Ng3 Bg6 11. Re1 Bb4 12. h4 h6 13. d5 Bxc3 14. bxc3 cxd5 15. Bd6 Nc6 16. h5 Bh7 17. Qd2 0-0-0 18. Bf4 Rhe8 19. Qe2 e5 20. Bd2 Qc5 21. Ba4 Qc4 22. Qxc4 dxc4 23. Bxc6 bxc6 24. Be3 Rd7 25. f4 Bxc2 26. fxe5 Rxe5 27. Bd4 Rg5 28. Re3 Nd5 29. Re8+ Rd8 30. Rxd8+ Kxd8 31. Kf2 f5 32. Ne2 Bd3 33. Ng1 Be4 34. g3 Rxh5 35. Bxg7 Rh2+ 36. Ke1 Ne3 37. Rc1 Rxa2 38. Bxh6 Ng2+ 39. Kd1 a5 40. Bd2 a4 41. Ke2 Bd3+ 42. Kd1 a3 43. Nf3 Rb2 44. Ne5 Kc7 45. Ra1 a2 46. Bc1 Be2# 0-1

[Event "CRO-chT3"]
[Site "Rijeka/Pula"]
[Date "2009.04.05"]
[Round "2"]
[White "Muhvic, Damir"]
[Black "Pavlovic, Ranko"]
[Result "1/2-1/2"]
[WhiteElo "2266"]
[BlackElo "2230"]
[PlyCount "71"]
[EventDate "2009.04.04"]
[EventType "team-tourn"]
[EventRounds "9"]
[EventCountry "CRO"]
[SourceTitle "EXT 2011"]
[Source "ChessBase"]
[SourceDate "2010.11.26"]
[SourceVersion "1"]
[SourceVersionDate "2010.11.26"]
[SourceQuality "1"]

1. d4 d5 2. c4 e6 3. Nc3 Nf6 4. Bg5 Nbd7 5. e3 Be7 6. Rc1 c6 7. Nf3 0-0 8. Bd3 dxc4 9. Bxc4 Nd5 10. Bxe7 Qxe7 11. 0-0 Nxc3 12. Rxc3 e5 13. d5 cxd5 14. Qxd5 e4 15. Nd4 Nf6 16. Qg5 Rd8 17. Rfc1 h6 18. Qh4 Bd7 19. h3 Qe5 20. Bb3 Rac8 21. Qg3 Qxg3 22. fxg3 Rxc3 23. Rxc3 a6 24. Rc7 Rb8 25. g4 g6 26. Kf2 Kf8 27. Ke2 Ke7 28. Kd2 Kd6 29. Rc1 Be6 30. Nxe6 fxe6 31. Rf1 Ke5 32. Rc1 Kd6 33. Rf1 Ke5 34. Rc1 Kd6 35. Rf1 Ke5 36. Rc1 1/2-1/2

[Event "Rijeka op"]
[Site "Rijeka"]
[Date "2007.11.28"]
[Round "5"]
[White "Brumen, Dinko"]
[Black "Muhvic, Damir"]
[Result "1/2-1/2"]
[WhiteElo "2402"]
[BlackElo "2249"]
[PlyCount "153"]
[EventDate "2007.11.25"]
[EventType "swiss"]
[EventRounds "9"]
[EventCountry "CRO"]
[SourceTitle "CBM 121 Extra"]
[Source "ChessBase"]
[SourceDate "2008.01.10"]
[SourceVersion "1"]
[SourceVersionDate "2008.01.10"]
[SourceQuality "1"]

1. d4 d6 2. g3 Nf6 3. Bg2 g6 4. Nf3 Bg7 5. 0-0 0-0 6. c4 Nbd7 7. Nc3 e5 8. e4 c6 9. Re1 Re8 10. Rb1 a5 11. h3 exd4 12. Nxd4 Nc5 13. b3 Nfd7 14. Kh2 Ne5 15. Be3 f6 16. f4 Nf7 17. a3 Bd7 18. Qc2 Qc7 19. b4 axb4 20. axb4 Ne6 21. Nb3 Nf8 22. c5 Be6 23. Red1 Rad8 24. Bf1 Kh8 25. Qf2 Qb8 26. Nd4 Qc8 27. Na4 Qc7 28. Rbc1 dxc5 29. bxc5 Bc8 30. Bg2 Ne6 31. Nb6 Nxd4 32. Bxd4 Nh6 33. Nc4 Nf7 34. Qb2 Qe7 35. Re1 Be6 36. Na5 Bc8 37. Re3 Rd7 38. Rce1 Red8 39. Nb3 Re8 40. Qc3 Rdd8 41. Na5 Kg8 42. Bf1 Be6 43. Rb1 Bc8 44. Nc4 Kh8 45. Rbe1 Kg8 46. e5 fxe5 47. Nxe5 Qf8 48. Bg2 Nh6 49. Nf3 Rxe3 50. Rxe3 Nf5 51. Bxg7 Qxg7 52. Qc4+ Qf7 53. Qxf7+ Kxf7 54. Rb3 Nd4 55. Ng5+ Kg7 56. Rb2 Re8 57. Ne4 Nb5 58. g4 Be6 59. Ng5 Bc8 60. Bf1 h6 61. Nf3 Nc7 62. Ne5 Ne6 63. Nd3 Rd8 64. Ra2 Kf6 65. Kg3 Rd5 66. Ra8 Bd7 67. Rb8 Nxc5 68. Nxc5 Rxc5 69. Rxb7 Rc3+ 70. Kf2 Be6 71. Bg2 Bd5 72. Bxd5 cxd5 73. Rb6+ Kf7 74. h4 Rh3 75. Rd6 Rxh4 76. Kg3 Rh1 77. Rxd5 1/2-1/2

[Event "CRO Cup"]
[Site "Pula"]
[Date "2002.05.08"]
[Round "2"]
[White "Muhvic, Damir"]
[Black "Feletar, Darko"]
[Result "0-1"]
[WhiteElo "2243"]
[BlackElo "2435"]
[PlyCount "119"]
[EventDate "2002.05.07"]
[EventType "team"]
[EventRounds "5"]
[EventCountry "CRO"]
[SourceTitle "CBM 088 Extra"]
[Source "ChessBase"]
[SourceDate "2002.07.01"]
[SourceVersion "2"]
[SourceVersionDate "2002.07.01"]
[SourceQuality "1"]

1. c4 Nf6 2. g3 e6 3. Bg2 d5 4. d4 c6 5. Qc2 Be7 6. Nf3 0-0 7. 0-0 b6 8. Rd1 Ba6 9. b3 Nbd7 10. Nbd2 Rc8 11. e4 c5 12. e5 Ne8 13. cxd5 exd5 14. Qf5 Nc7 15. Bb2 g6 16. Qg4 Be2 17. Re1 Bd3 18. Qf4 Bf5 19. Rac1 Be6 20. h4 Re8 21. Bf1 a6 22. Bd3 a5 23. Kg2 a4 24. Rh1 axb3 25. axb3 Ra8 26. Bb1 Nb5 27. h5 g5 28. Qe3 Nf8 29. h6 g4 30. Nh4 Bg5 31. Qe2 cxd4 32. Qxb5 Bxd2 33. Rcd1 Bc3 34. Bc1 Ra1 35. Bf4 Ra5 36. Qe2 Qd7 37. Qd3 Ra1 38. f3 Rea8 39. Rhg1 R8a3 40. Bc2 R1a2 41. Rb1 gxf3+ 42. Kxf3 Bg4+ 43. Kg2 Qa7 44. Kh1 Qa6 45. Qxa6 Rxa6 46. Bd3 Ra7 47. Rg2 Ne6 48. b4 Rxg2 49. Nxg2 Ra2 50. Kg1 Bf3 51. Nh4 Be4 52. Rd1 Bxb4 53. Nf5 Rg2+ 54. Kf1 Rh2 55. Bxe4 dxe4 56. Kg1 Rh5 57. Nxd4 Nxd4 58. Kg2 Ne6 59. Rb1 Bc5 60. Ra1 0-1

[Event "Rijeka IM-A"]
[Site "Rijeka"]
[Date "2001.??.??"]
[Round "1"]
[White "Armanda, Ivica"]
[Black "Muhvic, Damir"]
[Result "0-1"]
[WhiteElo "2331"]
[BlackElo "2252"]
[PlyCount "129"]
[EventDate "2001.??.??"]
[EventType "tourn"]
[EventRounds "11"]
[EventCountry "CRO"]
[EventCategory "4"]
[SourceTitle "EXT 2002"]
[Source "ChessBase"]
[SourceDate "2001.11.25"]
[SourceVersion "1"]
[SourceVersionDate "2001.11.25"]
[SourceQuality "1"]

1. e4 c5 2. Nf3 d6 3. d4 Nf6 4. Nc3 cxd4 5. Nxd4 a6 6. Bc4 e6 7. Bb3 b5 8. 0-0 Be7 9. f4 b4 10. Na4 0-0 11. f5 e5 12. Ne2 Bb7 13. Ng3 Nbd7 14. Qe1 a5 15. Bg5 Re8 16. Rd1 Qc7 17. Qe3 Ba6 18. Rfe1 Ng4 19. Qf3 Qa7+ 20. Be3 Nxe3 21. Qxe3 Qxe3+ 22. Rxe3 Nf6 23. Nb6 Rab8 24. Nd5 Nxd5 25. Rxd5 Bb5 26. Rxb5 Rxb5 27. Ba4 Reb8 28. Bxb5 Rxb5 29. Rd3 Rc5 30. c3 g6 31. Rd5 Rc4 32. Rxa5 bxc3 33. bxc3 Rxc3 34. a4 Rc2 35. Rd5 Ra2 36. a5 Kf8 37. Kf1 Ke8 38. fxg6 hxg6 39. Ne2 Kd7 40. Nc3 Bd8 41. Rb5 Rxa5 42. Rb7+ Ke6 43. Rb8 Ra1+ 44. Ke2 Ba5 45. Nd5 Re1+ 46. Kf3 f5 47. Re8+ Kd7 48. Nf6+ Kc7 49. Rg8 Bd2 50. Ne8+ Kd7 51. Nxd6 fxe4+ 52. Nxe4 Re3+ 53. Kf2 Rxe4 54. Rxg6 Ke7 55. g3 Rd4 56. h4 Kf7 57. Rc6 e4 58. Ke2 Kg7 59. g4 Bf4 60. Rc2 Kf6 61. Ra2 Ke5 62. Ra5+ Rd5 63. Ra2 Rd4 64. Ra5+ Ke6 65. Ra6+ 0-1

[Event "CRO-chT2"]
[Site "Pula"]
[Date "2000.09.12"]
[Round "2"]
[White "Muhvic, Damir"]
[Black "Vukoje, Vladimir"]
[Result "1/2-1/2"]
[WhiteElo "2251"]
[BlackElo "2290"]
[PlyCount "28"]
[EventDate "2000.09.??"]
[EventType "team-swiss"]
[EventRounds "7"]
[EventCountry "CRO"]
[SourceTitle "EXT 2001"]
[Source "ChessBase"]
[SourceDate "2000.11.22"]
[SourceVersion "1"]
[SourceVersionDate "2000.11.22"]
[SourceQuality "1"]

1. d4 Nf6 2. Nf3 e6 3. c4 b6 4. g3 Ba6 5. b3 Bb4+ 6. Bd2 Be7 7. Bg2 Bb7 8. 0-0 0-0 9. Nc3 d5 10. Ne5 c5 11. Be3 Na6 12. Rc1 Rc8 13. Nb5 Ra8 14. Nc3 Re8 1/2-1/2

[Event "Kastav Hotel Opatija 05"]
[Site "Kastav"]
[Date "2000.05.11"]
[Round "7"]
[White "Jovanic, Ognjen"]
[Black "Muhvic, Damir"]
[Result "1-0"]
[WhiteElo "2332"]
[BlackElo "2224"]
[PlyCount "103"]
[EventDate "2000.05.05"]
[EventType "tourn"]
[EventRounds "9"]
[EventCountry "CRO"]
[EventCategory "3"]
[SourceTitle "CBM 076 Extra"]
[Source "ChessBase"]
[SourceDate "2000.07.11"]
[SourceVersion "1"]
[SourceVersionDate "2000.07.11"]
[SourceQuality "1"]

1. d4 Nf6 2. Nf3 e6 3. e3 b6 4. Bd3 Bb7 5. 0-0 Be7 6. c4 c5 7. Nc3 0-0 8. d5 exd5 9. cxd5 d6 10. e4 Na6 11. Re1 Nb4 12. Bb1 Re8 13. h3 Nh5 14. a3 Na6 15. Bc2 g6 16. Ba4 Rf8 17. Bh6 Ng7 18. Qd2 f6 19. b4 Nc7 20. bxc5 bxc5 21. Rab1 Ba6 22. Rb2 Rb8 23. Reb1 Rxb2 24. Rxb2 Na8 25. Bb5 Bc8 26. Qd3 Kf7 27. Bc6 Nb6 28. Nb5 c4 29. Qc3 Na4 30. Nxd6+ Qxd6 31. Bxa4 Qxa3 32. Qxa3 Bxa3 33. Rc2 Ba6 34. Nd2 Rb8 35. Nxc4 Rb1+ 36. Kh2 Bxc4 37. Rxc4 Bd6+ 38. g3 Rb4 39. Rxb4 Bxb4 40. Be3 a5 41. f4 h6 42. Kg2 g5 43. Kf3 gxf4 44. gxf4 h5 45. Bd4 Be7 46. Bc3 Bd8 47. e5 fxe5 48. fxe5 Bb6 49. Ke4 h4 50. d6 Nh5 51. Bb3+ Kf8 52. e6 1-0

[Event "Kastav Hotel Opatija 05"]
[Site "Kastav"]
[Date "2000.05.05"]
[Round "1"]
[White "Muhvic, Damir"]
[Black "Medancic, Rikard"]
[Result "1-0"]
[WhiteElo "2224"]
[BlackElo "2304"]
[PlyCount "77"]
[EventDate "2000.05.05"]
[EventType "tourn"]
[EventRounds "9"]
[EventCountry "CRO"]
[EventCategory "3"]
[SourceTitle "CBM 076 Extra"]
[Source "ChessBase"]
[SourceDate "2000.07.11"]
[SourceVersion "1"]
[SourceVersionDate "2000.07.11"]
[SourceQuality "1"]

1. d4 Nf6 2. Nf3 e6 3. c4 a6 4. Nc3 c5 5. e3 Qc7 6. a3 b6 7. Bd3 Bb7 8. Bd2 Be7 9. Rc1 g5 10. h3 Rg8 11. d5 h5 12. e4 g4 13. hxg4 hxg4 14. Ng1 d6 15. Nge2 Nbd7 16. Nf4 Ne5 17. Be2 exd5 18. Nfxd5 Nxd5 19. Nxd5 Bxd5 20. cxd5 Bf6 21. a4 Ke7 22. Bc3 Rh8 23. Rxh8 Rxh8 24. Bxa6 Rh1+ 25. Bf1 Qd7 26. b4 cxb4 27. Bxb4 Bg5 28. Rc3 f5 29. Qc2 Kf6 30. exf5 Qb7 31. Rc6 Nxc6 32. dxc6 Qe7+ 33. Qe2 Qxe2+ 34. Kxe2 Ke7 35. g3 Bf6 36. Bg2 Ra1 37. Bd5 Rxa4 38. c7 Kd7 39. Bc6+ 1-0

[Event "CRO-Cup"]
[Site "Pula"]
[Date "2000.??.??"]
[Round "3"]
[White "Muhvic, Damir"]
[Black "Voscilla, Adriano"]
[Result "0-1"]
[WhiteElo "2224"]
[BlackElo "2310"]
[PlyCount "120"]
[EventDate "2000.??.??"]
[EventType "team"]
[EventRounds "5"]
[EventCountry "CRO"]
[SourceTitle "EXT 2001"]
[Source "ChessBase"]
[SourceDate "2000.11.22"]
[SourceVersion "1"]
[SourceVersionDate "2000.11.22"]
[SourceQuality "1"]

1. d4 Nf6 2. Nf3 g6 3. Bg5 Bg7 4. c3 b6 5. Nbd2 Bb7 6. e3 0-0 7. Bd3 c5 8. 0-0 Nc6 9. Qe2 Rc8 10. Ba6 Qc7 11. a4 d6 12. Rfd1 h6 13. Bxf6 Bxf6 14. d5 Nb8 15. Bc4 Nd7 16. h4 Bg7 17. Ne4 Nf6 18. Ng3 Qd7 19. a5 Ra8 20. Nh2 h5 21. f3 bxa5 22. Rxa5 Qc7 23. Ra2 e6 24. e4 exd5 25. Bxd5 Nxd5 26. exd5 Rfe8 27. Qc4 f5 28. Nhf1 Qf7 29. b4 cxb4 30. cxb4 Rac8 31. Qb5 a6 32. Qb6 Qc7 33. Qa7 Qc4 34. Rad2 Qxb4 35. Ne2 Qc5+ 36. Qxc5 Rxc5 37. Nf4 Kf7 38. Ne6 Rc4 39. Rb1 Bc8 40. Nxg7 Kxg7 41. Rb6 Rd8 42. g3 f4 43. Kf2 Kf6 44. gxf4 Rxf4 45. Kg3 g5 46. hxg5+ Kxg5 47. Rg2 Rd4 48. Ne3 h4+ 49. Kf2+ Kf4 50. Nf1 a5 51. Rb5 a4 52. Rg7 Bf5 53. Rf7 Rc8 54. Rb2 Rc3 55. Ne3 Rxe3 56. Rxf5+ Kxf5 57. Kxe3 a3 58. Ra2 Ra4 59. f4 h3 60. Kf3 Rxf4+ 0-1

[Event "Pula op 13th"]
[Site "Pula"]
[Date "1999.06.01"]
[Round "4"]
[White "Muhvic, Damir"]
[Black "Loncar, Robert"]
[Result "0-1"]
[WhiteElo "2236"]
[BlackElo "2419"]
[PlyCount "90"]
[EventDate "1999.05.??"]
[EventType "swiss"]
[EventRounds "9"]
[EventCountry "CRO"]
[SourceTitle "EXT 2000"]
[Source "ChessBase"]
[SourceDate "1999.11.16"]
[SourceVersion "1"]
[SourceVersionDate "1999.11.16"]
[SourceQuality "1"]

1. d4 Nf6 2. c4 c5 3. d5 e6 4. Nc3 exd5 5. cxd5 d6 6. Nf3 g6 7. Nd2 a6 8. a4 Nbd7 9. e4 Bg7 10. Be2 0-0 11. 0-0 Re8 12. Qc2 Rb8 13. Nc4 Nb6 14. Ne3 Bd7 15. a5 Na8 16. f3 Nc7 17. Nc4 Nb5 18. Nxb5 Bxb5 19. Bg5 Qe7 20. Rae1 Qc7 21. Bd2 Nh5 22. g4 Bd4+ 23. Kg2 Nf6 24. Bc3 Bxc3 25. Qxc3 Bxc4 26. Bxc4 Nd7 27. f4 Re7 28. Rf3 Rbe8 29. Rfe3 g5 30. fxg5 Re5 31. h4 f6 32. gxf6 Nxf6 33. g5 Qg7 34. Bd3 h6 35. Rg3 hxg5 36. hxg5 Rxg5 37. Ree3 Ree5 38. Bc2 Nh5 39. Rxg5 Rxg5+ 40. Kf2 Rg2+ 41. Ke1 Rg1+ 42. Kd2 Qg2+ 43. Re2 Qf1 44. Ba4 Nf4 45. Rh2 Qe1+ 0-1

[Event "Kastav Hotel Opatija"]
[Site "Kastav"]
[Date "1999.05.02"]
[Round "11"]
[White "Drei, Andrea"]
[Black "Muhvic, Damir"]
[Result "1-0"]
[WhiteElo "2349"]
[BlackElo "2236"]
[PlyCount "82"]
[EventDate "1999.04.??"]
[EventType "tourn"]
[EventRounds "11"]
[EventCountry "CRO"]
[EventCategory "4"]
[SourceTitle "CBM 070 Extra"]
[Source "ChessBase"]
[SourceDate "1999.07.10"]
[SourceVersion "1"]
[SourceVersionDate "1999.07.10"]
[SourceQuality "1"]

1. e4 c5 2. Nf3 d6 3. d4 cxd4 4. Nxd4 Nf6 5. Nc3 a6 6. f4 e5 7. Nf3 Qc7 8. a4 Nbd7 9. Bd3 g6 10. 0-0 Bg7 11. fxe5 dxe5 12. Qe1 h6 13. Kh1 b6 14. b3 Bb7 15. Bb2 0-0 16. Bc4 Nc5 17. Nd2 Rad8 18. Qe2 Nh5 19. Rad1 Nf4 20. Qe3 Kh7 21. g3 Nfe6 22. Nd5 Bxd5 23. Bxd5 Nd4 24. c3 Nde6 25. Ba3 Rfe8 26. Rf2 Rd7 27. Rdf1 Kg8 28. a5 bxa5 29. Bxc5 Nxc5 30. Bxf7+ Rxf7 31. Rxf7 Re7 32. Rxe7 Qxe7 33. Ra1 Bf8 34. Rxa5 Qc7 35. b4 Nb7 36. Rxa6 Nd6 37. Qc5 Qe7 38. Qd5+ Kg7 39. Nf3 Nf7 40. Qe6 Qb7 41. Qxg6+ Kh8 1-0

[Event "Kastav Hotel Opatija"]
[Site "Kastav"]
[Date "1999.04.29"]
[Round "8"]
[White "Muhvic, Damir"]
[Black "Cucancic, Sinisa"]
[Result "1/2-1/2"]
[WhiteElo "2236"]
[BlackElo "2248"]
[PlyCount "62"]
[EventDate "1999.04.??"]
[EventType "tourn"]
[EventRounds "11"]
[EventCountry "CRO"]
[EventCategory "4"]
[SourceTitle "CBM 070 Extra"]
[Source "ChessBase"]
[SourceDate "1999.07.10"]
[SourceVersion "1"]
[SourceVersionDate "1999.07.10"]
[SourceQuality "1"]

1. d4 Nf6 2. c4 e6 3. Nf3 Bb4+ 4. Nbd2 d5 5. Qa4+ Nc6 6. a3 Bxd2+ 7. Bxd2 0-0 8. Rc1 Ne4 9. Be3 Re8 10. Rd1 Ne7 11. g3 Bd7 12. Qc2 Bc6 13. Bg2 dxc4 14. Ne5 Nd6 15. Bxc6 Nxc6 16. Nxc4 Nxc4 17. Qxc4 Qd5 18. Qxd5 exd5 19. Rd3 Na5 20. h3 Re6 21. Bd2 Nc6 22. e3 Kf8 23. Ke2 Ke8 24. Rc1 Kd7 25. Kf3 Ne7 26. Bb4 Nf5 27. Rdc3 c6 28. a4 Rae8 29. Bc5 a6 30. b3 Nd6 31. Bxd6 Rxd6 1/2-1/2

[Event "Kastav Hotel Opatija"]
[Site "Kastav"]
[Date "1999.04.28"]
[Round "7"]
[White "Muhvic, Damir"]
[Black "Lovric, Branko"]
[Result "1-0"]
[WhiteElo "2236"]
[BlackElo "2316"]
[PlyCount "54"]
[EventDate "1999.04.??"]
[EventType "tourn"]
[EventRounds "11"]
[EventCountry "CRO"]
[EventCategory "4"]
[SourceTitle "CBM 070 Extra"]
[Source "ChessBase"]
[SourceDate "1999.07.10"]
[SourceVersion "1"]
[SourceVersionDate "1999.07.10"]
[SourceQuality "1"]

1. d4 b6 2. e4 Bb7 3. Bd3 Nf6 4. Qe2 Nc6 5. c3 e5 6. d5 Ne7 7. a4 c6 8. c4 Ng6 9. g3 Bb4+ 10. Kf1 0-0 11. h4 h6 12. Na3 a5 13. Nc2 Bc5 14. Ne3 Ne8 15. h5 Ne7 16. g4 f6 17. Nf3 Nd6 18. Nf5 Nexf5 19. gxf5 Re8 20. Rh4 Re7 21. Rg4 Kh7 22. Nh4 Nf7 23. Ng6 Re8 24. Bd2 Qc7 25. Rc1 Ba6 26. b3 Qd6 27. Kg2 Rac8 1-0

[Event "Kastav Hotel Opatija"]
[Site "Kastav"]
[Date "1999.04.28"]
[Round "6"]
[White "Tratar, Marko"]
[Black "Muhvic, Damir"]
[Result "1-0"]
[WhiteElo "2450"]
[BlackElo "2236"]
[PlyCount "85"]
[EventDate "1999.04.??"]
[EventType "tourn"]
[EventRounds "11"]
[EventCountry "CRO"]
[EventCategory "4"]
[SourceTitle "CBM 070 Extra"]
[Source "ChessBase"]
[SourceDate "1999.07.10"]
[SourceVersion "1"]
[SourceVersionDate "1999.07.10"]
[SourceQuality "1"]

1. Nf3 Nf6 2. c4 g6 3. Nc3 Bg7 4. e4 d6 5. d4 0-0 6. Be2 e5 7. 0-0 Nc6 8. d5 Ne7 9. Nd2 a5 10. Rb1 Nd7 11. a3 f5 12. b4 Kh8 13. Qc2 Ng8 14. f3 Bh6 15. Nb5 Be3+ 16. Kh1 axb4 17. axb4 Ngf6 18. c5 dxc5 19. Nb3 Bxc1 20. Rbxc1 fxe4 21. Nxc5 Nxc5 22. Qxc5 exf3 23. Bxf3 b6 24. Qc3 Ba6 25. Nxc7 Bxf1 26. Nxa8 Qxa8 27. Rxf1 Qb8 28. Re1 Rc8 29. Qa1 Qd6 30. g4 Nd7 31. g5 Rf8 32. Qc3 Kg8 33. Ra1 Qe7 34. Ra7 Qf7 35. Bg2 Qf5 36. h3 Rf7 37. d6 Kg7 38. Qe3 Qb1+ 39. Kh2 Qb2 40. Qe4 Qf2 41. Qg4 Nf8 42. Re7 Qe3 43. Qf3 1-0